Police complaints authority in India: Evaluating accountability and civilian control (Record no. 529510)

000 -LEADER
fixed length control field 01770nam a22001457a 4500
008 - FIXED-LENGTH DATA ELEMENTS--GENERAL INFORMATION
fixed length control field 250417b ||||| |||| 00| 0 eng d
100 ## - MAIN ENTRY--PERSONAL NAME
Personal name Mathur, Priya and Jha, Mukesh Kumar
245 ## - TITLE STATEMENT
Title Police complaints authority in India: Evaluating accountability and civilian control
260 ## - PUBLICATION, DISTRIBUTION, ETC. (IMPRINT)
Place of publication, distribution, etc Bihar Journal of Public Administration
300 ## - PHYSICAL DESCRIPTION
Extent 21(2), Jul-Dec, 2024: p.685-697
520 ## - SUMMARY, ETC.
Summary, etc Every citizen has fundamental right to live in a safe and secure environment, as such, it is the duty of the state, especially through police, to provide the same. On the contrary, the people’s trust in police personnel is always in question. In view of the situation, in 2006, the Supreme Court with a view to ensure civil control over police practices in the country, directed to establish Police Complaints Authorities (PCA) at the state and district level. The authority is required to interrogate in complaints against serious police misconduct. Thus, the present paper attempts to evaluate the countrywide progress of PCAs in the last seventeen years. The research analyses the extent to which Supreme Court directives on composition, powers, and transparency are followed in the implementation of PCAs in the country by studying reformed police acts and government notifications on police reforms in various states and union territories. The study deduces that initially PCAs were established in different parts of the country but it remained only on paper. – Reproduced


http://www.iipabiharbranch.org/upload/BJPA%20Vol%20XXI%20No.%202%20Jul-Dec%202024.pdf
650 ## - SUBJECT ADDED ENTRY--TOPICAL TERM
Topical term or geographic name as entry element Police reforms, Abuse of power, Police complaint authority, Police accountability, Custodial violence.
9 (RLIN) 52126
773 ## - HOST ITEM ENTRY
Main entry heading Bihar Journal of Public Administration
942 ## - ADDED ENTRY ELEMENTS (KOHA)
Item type Articles
Holdings
Withdrawn status Lost status Source of classification or shelving scheme Damaged status Not for loan Permanent location Current location Date acquired Serial Enumeration / chronology Barcode Date last seen Koha item type
          Indian Institute of Public Administration Indian Institute of Public Administration 2025-04-17 21(2), Jul-Dec, 2024: p.685-697 AR135418 2025-04-17 Articles

Powered by Koha